000 00685nam a2200265Ia 4500
005 20260302114450.0
008 008 260114s9999 xx 000 0 eng d
020 _a9781978736900
037 _aTextbook
040 _aCRL
040 _beng
040 _cCRL
041 _2eng
041 _aeng
084 _qCRL
100 _aJason T. Eberl & George A. Dunn
_91118849
245 4 _aThe Philosophy of Christopher Nolan
260 _bBloomsbury
260 _bLexington Books
260 _c2017
650 _aPhilosophy
856 _uhttps://doi.org/10.5040/9781978736900?locatt=label:secondary_bloomsburyCollections
942 _cEBOOK
999 _c1682648
_d1682648